| 000 | 00742nam a22002177a 4500 | ||
|---|---|---|---|
| 999 |
_c18574 _d18574 |
||
| 003 | AR-CdUCM | ||
| 008 | 190514b ||||| |||| 00| 0 spa d | ||
| 040 |
_aMUNICIPALIDAD PROVINCIAL DEL CUSCO _cBIBLIOTECA MUNICIPAL DEL CUSCO |
||
| 082 |
_a572.7 / _bD55 |
||
| 100 |
_aDella Santa, Elizabeth _939236 |
||
| 245 | _aEtnologia las fuerzas sociales como realización / | ||
| 260 |
_aArequipa : _bEdicion de la autora, _c1986. |
||
| 300 |
_a343 paginas ; _c20 cm. |
||
| 505 | _aContenido: La familia -- El clan -- La horda -- La tribu -- De las aldeas a las ciudades estados... | ||
| 650 |
_aFamilia _92366 |
||
| 650 |
_aClan _939237 |
||
| 650 |
_aHorda _939238 |
||
| 650 |
_aTribu _939239 |
||
| 942 |
_2ddc _cLIBROS |
||
| 945 |
_apjha _d2019-05-14 |
||